[Event "FIDE Chesscom Grand Swiss 2021"]
[Site "Riga"]
[Date "2021.10.27"]
[Round "1.21"]
[White "Kryvoruchko, Yuriy"]
[Black "Onyshchuk, Volodymyr"]
[Result "1-0"]
[WhiteElo "2686"]
[BlackElo "2622"]
[Annotator "TA"]
[PlyCount "65"]
[EventDate "2021.10.27"]
[EventType "swiss"]
[EventCountry "LAT"]
[Tiebreak "Cut1 Buchholz+Sonneborn-Berger (Swiss)"]
[SourceTitle "playchess.com"]
[Source "ChessBase"]
[SourceQuality "1"]

{[%evp 9,65,5,30,17,30,24,31,38,32,33,43,36,43,25,39,34,55,52,77,75,93,85,69,
68,90,80,80,7,25,21,35,7,14,9,31,0,0,-193,39,28,28,-74,-91,-69,-54,-83,-79,
-169,0,0,0,0,626,627,637,635,595,595]} 1. e4 c6 2. d4 d5 3. e5 Bf5 4. Nd2 e6 5.
Nb3 h6 6. Nf3 {B12: Caro-Kann: Advance Variation.} a5 7. a4 Nd7 8. Be2 {
White is slightly better.} Ne7 9. O-O g5 10. Ne1 c5 11. dxc5 {[#]} Bg7 $146 ({
Predecessor:} 11... Nc6 12. Bb5 Ncxe5 13. f4 Nc6 14. Nf3 Qc7 15. Nfd4 Nxd4 16.
Qxd4 Rh7 17. fxg5 hxg5 18. Rxf5 exf5 19. Bxg5 {1-0 (33) Hess,R (2571)-Krush,I 
(2444) Saint Louis 2017}) 12. f4 gxf4 13. Nd3 Bxd3 14. Bxd3 Nxe5 15. Bb5+ (15.
Rxf4 $6 O-O $11) 15... Kf8 16. Bxf4 N7g6 17. Bg3 h5 18. Nd4 (18. h3 $16) 18...
Qe7 $11 19. Kh1 Kg8 20. Bf2 Rc8 21. Qd2 Rxc5 22. Qxa5 Ng4 23. Qb4 $2 (23. Bg1
$11) 23... Qc7 $2 (23... Nxf2+ $19 24. Rxf2 Qh4 $1 25. Qxc5 Bxd4 26. Qc8+ {
[%mdl 64] Double Attack} Kg7 27. Rxf7+ Kxf7 28. Rf1+ Kg7 29. Qxe6 Be5 30. Rf7+
(30. h3 $2 Qg3 $19) 30... Kh6) 24. Bg3 $14 Be5 25. Be8 (25. Ra3 $11) 25... Rc4
$17 26. Qd2 Rh7 ({Reject} 26... Rxd4 $6 27. Qxd4 $1 Bxd4 28. Bxc7 $14) 27. Nxe6
{[#]} Qe7 {[%cal Re7e6]} ({Don't play} 27... fxe6 $6 28. Bxg6 Rg7 29. Qg5 $11)
28. Ng5 (28. Qxd5 $17 Ne3 29. Qd3 Nxf1 30. Rxf1 Qxe6 31. Bd7) 28... Qxe8 $2 (
28... Rd4 $19 29. Qc1 Bxg3 30. hxg3 Qxe8 31. Nxh7 Kxh7) 29. Nxh7 $11 {Hoping
for Ng5.} Bxg3 30. Qxd5 Kxh7 $2 {[%mdl 8192]} (30... N6e5 $11 31. Nf6+ Nxf6 32.
Rxf6 Rh4) 31. Qxc4 $18 {White is clearly winning.} Nf2+ {[#]} 32. Rxf2 $1 {
[%mdl 64] Clearance} Bxf2 33. Rf1 {Weighted Error Value: White=0.31/Black=0.48}
1-0

[Event "FIDE Chesscom Grand Swiss 2021"]
[Site "Riga"]
[Date "2021.10.27"]
[Round "1.22"]
[White "Brkic, Ante"]
[Black "Matlakov, Maxim"]
[Result "1-0"]
[WhiteElo "2621"]
[BlackElo "2682"]
[Annotator "TA"]
[PlyCount "63"]
[EventDate "2021.10.27"]
[EventType "swiss"]
[EventCountry "LAT"]
[Tiebreak "Cut1 Buchholz+Sonneborn-Berger (Swiss)"]
[SourceTitle "playchess.com"]
[Source "ChessBase"]
[SourceQuality "1"]

{[%evp 15,63,38,52,10,10,10,18,14,21,20,17,17,16,0,8,7,12,12,12,14,15,14,138,
121,109,134,104,103,89,100,95,92,93,79,88,88,185,190,312,324,285,281,335,331,
379,379,437,435,417,401]} 1. e4 e5 2. Nf3 Nf6 3. Nxe5 d6 4. Nf3 Nxe4 5. d4 d5
6. Bd3 Bf5 7. O-O Be7 8. Re1 O-O 9. Nbd2 {[%cal Rd2e4,Bb1d2,Bd2f1,Bf1h2][%mdl
32] is the new trend. C42: Petroff Defence: 3 Nxe5 and unusual White 3rd moves.
} Nd6 $1 10. Nf1 Bxd3 11. Qxd3 {The position is equal.} c6 12. Bf4 Na6 13. h4
Nc7 14. Ng5 {[%csl Gg5][%cal Rd3h7]} g6 {[#]} 15. Nh2 $146 ({Predecessor:} 15.
Ne3 Qd7 16. h5 Nce8 17. Nf3 Ng7 18. Ne5 Qd8 19. Bh6 Bg5 20. N3g4 gxh5 21. Bxg7
Kxg7 {1/2-1/2 (45) So,W (2770)-Duda,J (2743) chess24.com INT 2021}) 15... f6
16. Ne6 Nxe6 17. Rxe6 Qd7 18. Rae1 Ne4 {[#]} (18... Rae8 $1 $11) 19. Rxe7 $1
$16 {[%mdl 512]} Qxe7 {[#]} 20. f3 $1 f5 21. Bg5 $36 {[%mdl 2048] White has
strong initiative.} Qb4 {[%mdl 64] Double Attack} 22. c3 Qxb2 {( -> ...Qf2+)}
23. fxe4 dxe4 ({Don't blunder} 23... fxe4 $2 24. Qg3 $18) 24. Qc4+ Rf7 25. a4 {
[%mdl 1024] White has strong compensation.} Qa3 {[#]} (25... Qb6 $16 {might
work better.}) 26. Rb1 $1 $18 {[%cal Be1b1,Bb1b7,Bb7b5][%mdl 32]} Qd6 (26... b6
$142) 27. Rxb7 $1 Qd5 28. Qa6 c5 29. Rb5 Rc7 30. Bf4 Rc6 31. Qb7 {Bh6 would
kill now.} Rd8 32. Qxa7 {Weighted Error Value: White=0.02/Black=0.22} 1-0

[Event "FIDE Chesscom Grand Swiss 2021"]
[Site "Riga"]
[Date "2021.10.27"]
[Round "1.23"]
[White "Gelfand, Boris"]
[Black "Kollars, Dmitrij"]
[Result "0-1"]
[WhiteElo "2680"]
[BlackElo "2621"]
[Annotator "TA"]
[PlyCount "124"]
[EventDate "2021.10.27"]
[EventType "swiss"]
[EventCountry "LAT"]
[Tiebreak "Cut1 Buchholz+Sonneborn-Berger (Swiss)"]
[SourceTitle "playchess.com"]
[Source "ChessBase"]
[SourceQuality "1"]

{[%evp 9,124,8,0,0,0,-21,0,0,0,0,0,-2,0,0,20,0,8,9,5,0,0,0,13,7,6,-32,0,0,0,0,
0,0,10,0,27,0,0,0,0,0,7,-48,0,0,0,0,0,-270,-273,-270,-274,-273,-268,-266,-277,
-268,-257,-264,-268,-291,-293,-311,-301,-279,-208,-369,-369,-319,-282,-287,
-282,-262,-245,-347,-332,-939,-934,-1239,-1074,-1372,-1187,-5804,-6350,-1279,
-1045,-1074,-968,-6111,-6350,-3956,-4686,-4352,-3618,-3242,-12847,-12845,
-29936,-29936,-12831,-6637,-6842,-29943,-29947,-29937,-29946,-9512,-5381,
-29968,-29969,-29964,-29969,-29975,-29976,-29975,-29977,-29977,-12790]} 1. c4
e5 2. Nc3 Nf6 3. Nf3 Nc6 4. e4 Bb4 5. d3 d6 6. Be2 {A28: English Opening: Four
Knights Variation.} O-O 7. O-O h6 8. a3 {The position is equal.} Bxc3 9. bxc3
Nh7 10. Be3 f5 11. exf5 Bxf5 12. d4 {[#]} e4 $146 ({Predecessor:} 12... Qf6 13.
Ne1 Rae8 14. Bf3 e4 15. Be2 Qe7 16. Rb1 Bc8 17. Bg4 Na5 18. Bxc8 Rxc8 {0-1 (36)
Harrington,J-Hall,D (2069) Swansea 2006}) 13. Nd2 Nf6 14. g4 Bg6 15. Kh1 Qe7
16. Rg1 Nh7 $1 17. Qb3 Nd8 (17... Na5 $5 {[%cal Ra5b3]} 18. Qb4 b6 $11) 18. c5+
Kh8 19. cxd6 cxd6 20. Bc4 Rc8 21. Rae1 Bf7 {Threatens to win with ...Rxc4!} 22.
Bxf7 Nxf7 23. Rg3 Nfg5 24. Qd5 Rce8 25. h3 ({Better is} 25. c4 $11) 25... Rf7 (
25... Nf3 $5 26. Re2 (26. Nxf3 Nf6 $17) 26... Nf6 $15) 26. Kg1 Qf8 27. Bxg5
Nxg5 28. h4 $2 {[%mdl 8192] White is on the road to losing.} (28. Re2 $11 {
and White stays safe.}) 28... Rxf2 $19 29. hxg5 {Black must now prevent Nc4.}
Qf4 {[%mdl 64] Double Attack} (29... Rxd2 30. Rf1 $11) 30. Ree3 {[%cal Rd2e4]}
Rxd2 31. Qf5 Rf8 ({Resist} 31... Qxg5 32. Qxg5 hxg5 33. Rgf3 $19) ({Stronger
than} 31... hxg5 32. Rh3+ Kg8 33. Qd5+ Qf7 34. Rh8+ $3 {[%mdl 512]} Kxh8 35.
Qxf7 Rd1+ 36. Kf2 Rd2+ 37. Ke1) ({Don't play} 31... Rd1+ 32. Kg2 $19) 32. Qxf4
Rxf4 33. gxh6 gxh6 {[%mdl 4096] Endgame KRR-KRR} 34. Re1 Kg7 35. Rb1 b6 36. Rb5
Rd3 37. Rg2 (37. Rxd3 exd3 38. Rb1) 37... Rxc3 38. Rd5 Rc6 39. Kh2 Kg6 40. a4
a6 41. Kg3 (41. Rg3 {is a better defense.}) 41... Rf3+ 42. Kh4 $2 (42. Kh2)
42... e3 43. Re2 b5 44. axb5 axb5 45. Rxb5 {[#]} Rc1 $1 {[%cal Rc1h1] ( -> ...
Rh1+)} 46. Rbb2 Rh1+ 47. Rh2 Rxh2+ 48. Rxh2 {KR-KR} Rf4 49. Kg3 Rxd4 50. Kf3 {
[#]} d5 $1 51. Kxe3 Rxg4 52. Ra2 Re4+ 53. Kf3 h5 54. Ra8 Re5 55. Rg8+ Kf7 56.
Ra8 Rf5+ 57. Ke3 Kg7 58. Rb8 h4 {Black mates.} 59. Rb4 Rh5 60. Kf2 h3 61. Kg1
h2+ 62. Kh1 Kf6 {Weighted Error Value: White=0.54/Black=0.05} 0-1

[Event "FIDE Chesscom Grand Swiss 2021"]
[Site "Riga"]
[Date "2021.10.27"]
[Round "1.25"]
[White "Adhiban, B.."]
[Black "Sethuraman, S.P.."]
[Result "1/2-1/2"]
[WhiteElo "2672"]
[BlackElo "2620"]
[Annotator "TA"]
[PlyCount "139"]
[EventDate "2021.10.27"]
[EventType "swiss"]
[EventCountry "LAT"]
[Tiebreak "Cut1 Buchholz+Sonneborn-Berger (Swiss)"]
[SourceTitle "playchess.com"]
[Source "ChessBase"]
[SourceQuality "1"]

{[%evp 14,139,15,12,33,0,3,-9,4,6,14,16,8,8,17,15,14,14,27,33,38,13,16,0,37,25,
42,40,43,33,32,8,35,24,20,0,33,33,48,48,48,48,48,40,40,32,32,29,29,29,29,29,47,
47,39,39,96,96,96,96,96,96,96,96,96,96,96,96,96,96,96,96,96,96,96,96,96,96,96,
82,82,82,82,82,82,82,82,82,82,0,82,82,82,82,82,82,82,82,82,82,82,82,82,82,82,
82,82,82,82,82,82,82,82,0,82,0,82,82,82,82,82,82,82,0,82,0,82,0]} 1. e4 {
Ftacnik,L} e5 2. Nf3 Nf6 3. Nxe5 d6 4. Nf3 Nxe4 5. Qe2 Qe7 6. d3 Nf6 7. Nc3
Qxe2+ 8. Bxe2 g6 {C42: Petroff Defence: 3 Nxe5 and unusual White 3rd moves.} 9.
Nd4 Bg7 10. h3 a6 {[#] The position is equal.} 11. Be3 $146 ({Predecessor:} 11.
g4 Bd7 12. Bf3 Nc6 13. Nxc6 Bxc6 14. Bxc6+ bxc6 15. Bd2 h5 16. g5 Nd5 17. Nxd5
cxd5 18. O-O-O Kd7 {1/2-1/2 (18) Shirov,A (2710)-Kramnik,V (2790) Cazorla 1998
CBM 065 [Ftacnik,L]}) 11... Bd7 12. Bf3 Nc6 13. Kd2 Nxd4 14. Bxd4 O-O-O 15.
Rae1 Be6 16. b4 Rhe8 17. h4 h5 18. a3 (18. a4 {with more complications.} Bh6+
19. Be3 Bxe3+ 20. Rxe3 d5 21. Ree1) 18... Bh8 (18... Bh6+ {keeps more tension.}
19. Be3 Bg7 20. Bd4) 19. g3 Nd7 20. Bxh8 Rxh8 21. Bg2 Nf6 22. Re2 Rde8 23. Rhe1
c6 24. a4 {[%cal Ba3a4,Ba4a5][%mdl 32]} Kc7 (24... a5 $5) 25. a5 Kd8 26. Ne4
Nxe4+ 27. Rxe4 Kd7 28. c4 Rb8 29. c5 d5 30. Re5 Rbe8 31. d4 f6 32. R5e3 Re7 33.
Bf1 Rhe8 34. Bd3 f5 (34... Bf7 $14) 35. Re5 Bf7 36. f4 Re6 37. Ke3 R6e7 38. Kf2
Re6 39. Bc2 R6e7 40. Ra1 Ra8 41. Bb3 Be6 42. Ra3 Ree8 43. Ba2 Re7 44. Bb1 Bf7
45. Kg2 Re6 46. Rae3 Rae8 47. Kf2 R6e7 48. Ke2 Re6 49. Kd2 Rg8 50. Bd3 Rh8 51.
Bb1 Rg8 $1 52. Bc2 Rh8 53. Ba4 Ke7 54. Kc3 Ra8 55. Bc2 Kf6 56. Bd3 Ke7 57. Kd2
Kf6 58. Ke2 Ke7 59. Kf2 Rh8 60. Kg2 Kf6 61. Bc2 Ke7 62. Ra3 Ra8 63. Rae3 Rh8 $1
64. Bd3 Kf6 $1 65. Re1 Ke7 66. Rb1 Ra8 67. Rb2 Kf6 68. Rb1 Ke7 $1 69. Rb2 Kf6
$1 70. Rb1 {Weighted Error Value: White=0.05/Black=0.04} ({Better is} 70. Bf1
$16) 1/2-1/2

[Event "FIDE Chesscom Grand Swiss 2021"]
[Site "Riga"]
[Date "2021.10.27"]
[Round "1.26"]
[White "Antipov, Mikhail Al."]
[Black "Predke, Alexandr"]
[Result "0-1"]
[WhiteElo "2619"]
[BlackElo "2666"]
[Annotator "TA"]
[PlyCount "88"]
[EventDate "2021.10.27"]
[EventType "swiss"]
[EventCountry "LAT"]
[Tiebreak "Cut1 Buchholz+Sonneborn-Berger (Swiss)"]
[SourceTitle "playchess.com"]
[Source "ChessBase"]
[SourceQuality "1"]

{[%evp 15,88,31,34,24,29,18,18,31,22,35,50,15,18,15,39,10,40,35,30,0,12,-20,
-20,-29,-1,-8,0,0,0,0,1,-12,-5,-30,-25,-24,-18,-7,-8,-18,-21,-17,0,0,0,-7,-10,
-7,-7,-7,0,-7,-20,-69,-69,-78,-85,-78,-82,-246,-183,-245,-250,-224,-233,-233,
-224,-233,-172,-717,-700,-846,-835,-1630,-1508]} 1. e4 e5 2. Nf3 Nc6 3. Bb5 a6
4. Ba4 Nf6 5. d3 d6 6. c3 Be7 7. O-O O-O 8. Re1 Re8 9. Nbd2 {C84: Closed Ruy
Lopez: Unusual White 6th moves.} Bf8 10. a3 {[#]} d5 $146 ({Predecessor:} 10...
b5 11. Bb3 Be6 12. Bxe6 Rxe6 13. a4 Rb8 14. axb5 axb5 15. Ra6 Qd7 16. Qb3 Ree8
{1/2-1/2 (37) Karzev,E (2145)-Frolochkin,V (2305) St Petersburg 2009}) 11. b4 {
The position is equal.} dxe4 12. dxe4 Bd7 13. Bb3 Be6 14. Bxe6 Rxe6 15. Bb2 Nb8
16. Qb3 Nbd7 17. Ng5 Re7 18. Rad1 h6 19. Ngf3 Re6 20. c4 a5 21. c5 axb4 22.
axb4 b6 23. Nc4 bxc5 24. Nfxe5 Qe8 {[%cal Rd7e5]} 25. Nxd7 Nxd7 26. Qd3 Nb6 27.
bxc5 Na4 28. Bd4 Rd8 29. Qc2 Nxc5 30. f3 Ra6 31. Be3 Rda8 32. Qe2 Qe6 33. Rd2
Ra1 {And now ...Rxe1+ would win.} 34. Rc2 Nb3 {...Rxe1+ is the strong threat.}
35. Rxa1 Rxa1+ 36. Kf2 Be7 $1 {[%cal Re7h4] Threatens to win with ...Bh4+.} 37.
g4 $2 {This costs White the game.} (37. Nd2 $17 {was the only chance.}) 37...
h5 $1 $19 38. h3 (38. Kg3 $142) 38... hxg4 39. hxg4 Qf6 40. g5 {[#]} Qg6 41.
Ne5 Qh5 $40 {[%cal Rh5h2][%mdl 128] White is in trouble.} 42. Ng4 (42. f4 Qh2+
43. Kf3 Qh3+ 44. Kf2) 42... Bd6 {( -> ...Qh4+). Black is clearly winning.} 43.
f4 Qh4+ 44. Kg2 {[#]} Bxf4 $1 {[%csl Gf4][%cal Rh4g3][%mdl 512] Weighted Error
Value: White=0.53/Black=0.03} 0-1

[Event "FIDE Chesscom Grand Swiss 2021"]
[Site "Riga"]
[Date "2021.10.27"]
[Round "1.27"]
[White "Sargissian, Gabriel"]
[Black "Praggnanandhaa R"]
[Result "1/2-1/2"]
[WhiteElo "2664"]
[BlackElo "2618"]
[Annotator "TA"]
[PlyCount "87"]
[EventDate "2021.10.27"]
[EventType "swiss"]
[EventCountry "LAT"]
[Tiebreak "Cut1 Buchholz+Sonneborn-Berger (Swiss)"]
[SourceTitle "playchess.com"]
[Source "ChessBase"]
[SourceQuality "1"]

{[%evp 18,87,0,-22,0,0,-18,-11,0,0,0,-7,-12,-10,0,0,47,79,66,84,59,56,64,2,0,0,
0,0,0,-2,-5,-29,-28,-108,-81,-114,-125,-118,-113,-112,-62,-74,0,-110,-117,-140,
-118,-117,-117,-114,-7,-33,0,0,0,0,0,0,0,0,0,0,0,0,0,0,0,0,0,0,0,0]} 1. d4 Nf6
2. c4 e6 3. Nc3 Bb4 4. e3 O-O 5. Bd3 d5 6. a3 Bxc3+ 7. bxc3 dxc4 8. Bxc4 c5 9.
Ne2 Qc7 10. Ba2 b6 {E49: Nimzo-Indian: Rubinstein: 5 Bd3 d5 6 a3 Bxc3+ 7 bxc3.}
11. O-O Ba6 12. Bb2 $1 {[%mdl 4] is now more promising than 12.Re1.} Nc6 13.
Rc1 Rfd8 14. c4 cxd4 15. exd4 Na5 {[%cal Ra6c4]} 16. d5 Bxc4 (16... Nxc4 $2 17.
Bxf6 gxf6 18. Qa4 $18) 17. Bxc4 Nxc4 18. Bxf6 gxf6 19. Ng3 $1 {Hoping for Qg4+.
} (19. Qd4 exd5 20. Qxf6 Qe5 $15) 19... exd5 {[#]} 20. Qg4+ $146 (20. Qf3 $14
Qe5 21. Nf5) ({Predecessor:} 20. Nh5 Kh8 21. Re1 Qd6 22. Qd4 Ne5 23. Qf4 Rg8
24. Nxf6 Rg6 25. Nh5 Re8 26. Qd4 {1-0 (43) Parligras,M (2591)-Gavrilescu,D 
(2477) Reykjavik 2021}) 20... Kh8 $11 21. Rfe1 {And now Qh4! would win.} Rg8
22. Qd4 Qd8 23. Nf5 Ne5 {White must now prevent ...Nf3+.} (23... Nxa3 $6 24.
Ne7 $16) 24. Kh1 Rc8 25. Rxc8 (25. f4 $11 {remains equal.} Nc6 26. Qd3) 25...
Qxc8 $17 26. Ne7 Qg4 {[%csl Gg8][%cal Rg4g2]} 27. Qxd5 Re8 28. Nc6 {[%cal
Rc6e5]} Qf4 (28... Qc8 {keeps more tension.} 29. Qd6 Kg7 30. Nxe5 Rxe5 31. Rd1
Qc5) 29. f3 Rc8 (29... Kg7 $17 30. g3 Nd3 $1 {[%mdl 512]}) 30. Nxe5 {[#]} (30.
Ne7 $11 {keeps the balance.} Rf8 31. h3) 30... Qxe5 $1 $11 {[%cal Re5e1][%mdl
4608] Endgame KQR-KQR} 31. Qd1 (31. Qxe5 fxe5) 31... Qb2 32. Qd6 {[#]} Qc3 $1 {
[%cal Rc3e1]} 33. Rd1 {[#]} Re8 ({Black should play} 33... Qe5 $1 $17 {[%cal
Re5d6] ( -> ...Qxd6)} 34. Qd7 Rc7) 34. h4 (34. h3 {with more complications.}
Qe5 35. Qxe5 Rxe5 36. Rd7 Ra5 37. Rxf7 Rxa3 38. Rxf6 Rb3 39. Rf7) 34... Qe5 (
34... a6 {is more complex.} 35. a4 Qe5 36. Kg1 Qxd6 37. Rxd6 Re6) 35. Qxe5 {
The position is equal.} Rxe5 {KR-KR} 36. Rd7 Ra5 37. Rxf7 Rxa3 38. Rxf6 Kg7 39.
Rc6 b5 40. Rc7+ Kg6 41. h5+ Kh6 42. Rc6+ Kg7 43. Rc7+ Kh6 44. Rc6+ {Weighted
Error Value: White=0.15/Black=0.17} 1/2-1/2

[Event "FIDE Chesscom Grand Swiss 2021"]
[Site "Riga"]
[Date "2021.10.27"]
[Round "1.28"]
[White "Ganguly, Surya Shekhar"]
[Black "Sjugirov, Sanan"]
[Result "1/2-1/2"]
[WhiteElo "2617"]
[BlackElo "2663"]
[Annotator "TA"]
[PlyCount "45"]
[EventDate "2021.10.27"]
[EventType "swiss"]
[EventCountry "LAT"]
[Tiebreak "Cut1 Buchholz+Sonneborn-Berger (Swiss)"]
[SourceTitle "playchess.com"]
[Source "ChessBase"]
[SourceQuality "1"]

{[%evp 14,45,30,24,29,23,23,23,23,23,15,18,18,25,16,12,16,-8,-3,-4,-4,0,8,0,0,
0,0,0,0,0,0,0,0,0]} 1. e4 e5 2. Nf3 Nc6 3. Bb5 a6 4. Ba4 Nf6 5. O-O b5 6. Bb3
Bb7 7. d3 Bc5 8. Nc3 O-O {C78: Ruy Lopez: Archangelsk and Möller Defences.} 9.
Nd5 Na5 10. Bg5 {White wants to play Nxf6+.} Bxd5 {White has an edge.} 11. Bxd5
c6 12. Bb3 h6 13. Bh4 {[#]} d6 $146 ({Predecessor:} 13... Re8 14. Re1 Nxb3 15.
axb3 g5 16. Bg3 d6 17. h3 a5 18. Qd2 Bb6 19. Bh2 Ra7 {1/2-1/2 (48) Wastel,H 
(2234)-Richter,W (2321) ICCF corr 2010}) 14. Qd2 {The position is equal.} Bb6
15. Kh1 Qe7 16. Ng1 Nxb3 17. axb3 g5 18. Bxg5 hxg5 19. Qxg5+ Kh8 20. Qh4+ Kg7 {
Threatens to win with ...Rh8.} 21. Qg5+ Kh8 22. Qh4+ Kg7 {Hoping for ...Rh8.}
23. Qg5+ {Not much happened in this game.  Weighted Error Value: White=0.03/
Black=0.01} 1/2-1/2

[Event "FIDE Chesscom Grand Swiss 2021"]
[Site "Riga"]
[Date "2021.10.27"]
[Round "1.29"]
[White "Grandelius, Nils"]
[Black "Indjic, Aleksandar"]
[Result "1/2-1/2"]
[WhiteElo "2662"]
[BlackElo "2612"]
[Annotator "TA"]
[PlyCount "84"]
[EventDate "2021.10.27"]
[EventType "swiss"]
[EventCountry "LAT"]
[Tiebreak "Cut1 Buchholz+Sonneborn-Berger (Swiss)"]
[SourceTitle "playchess.com"]
[Source "ChessBase"]
[SourceQuality "1"]

{[%evp 16,84,17,18,18,18,24,4,18,13,13,21,14,14,11,12,19,19,24,16,20,11,12,14,
31,27,33,22,21,25,31,30,26,16,25,0,21,0,1,0,0,0,0,-14,14,12,15,10,9,3,31,31,37,
30,37,15,36,39,48,53,40,40,40,40,41,41,41,40,41,28,43]} 1. e4 e5 2. Nf3 Nf6 3.
Nxe5 d6 4. Nf3 Nxe4 5. Nc3 Nxc3 6. dxc3 Be7 7. Bf4 Nc6 8. Qd2 Be6 9. O-O-O Qd7
{C42: Petroff Defence: 3 Nxe5 and unusual White 3rd moves.} ({Don't go for} 
9... Bxa2 $2 10. b3 $18) 10. Kb1 a6 11. Be2 O-O-O {The position is equal.} 12.
Ng5 Bxg5 13. Bxg5 f6 14. Be3 {[#]} h5 $146 ({Predecessor:} 14... Qf7 15. b3 d5
16. Rhe1 Bf5 17. Bc5 Rhe8 18. g4 Bg6 19. f3 h5 20. h3 hxg4 21. hxg4 {1/2-1/2 
(35) Llaneza Vega,M (2455)-Moreno Ruiz,J (2482) Madrid 2007}) 15. b3 Bg4 16. f3
Bf5 17. Rhe1 Rde8 18. Bf2 Qf7 19. Kb2 Qg6 20. Bf1 Re5 21. Bg3 Rxe1 22. Rxe1 Re8
23. Rxe8+ Qxe8 24. Qd5 Ne7 25. Qd2 (25. Qc4 {is interesting.} Kd8 26. Bf2 Qg6
27. Qe2 a5 28. a4) 25... Nc6 26. c4 h4 {[#]} 27. Qe1 Qg6 28. Bxh4 Bxc2 29. Qd2
Bf5 30. g4 Be6 31. Bg3 Qf7 32. h4 d5 33. cxd5 Bxd5 34. Qe3 a5 35. Bb5 Qd7 36.
Be1 Bf7 37. Bc3 Qd6 38. Bxc6 Qxc6 39. Bxa5 Bd5 40. f4 Bf3 41. g5 fxg5 42. fxg5
g6 {Weighted Error Value: White=0.04/Black=0.05} 1/2-1/2

[Event "FIDE Chesscom Grand Swiss 2021"]
[Site "Riga"]
[Date "2021.10.27"]
[Round "1.30"]
[White "Sadhwani, Raunak"]
[Black "Cheparinov, Ivan"]
[Result "1/2-1/2"]
[WhiteElo "2609"]
[BlackElo "2659"]
[Annotator "TA"]
[PlyCount "61"]
[EventDate "2021.10.27"]
[EventType "swiss"]
[EventCountry "LAT"]
[Tiebreak "Cut1 Buchholz+Sonneborn-Berger (Swiss)"]
[SourceTitle "playchess.com"]
[Source "ChessBase"]
[SourceQuality "1"]

{[%evp 14,61,11,19,25,20,26,26,35,33,47,39,41,8,8,17,17,18,35,18,36,11,23,8,15,
0,0,0,20,-41,-45,-66,-62,-68,-68,-58,-48,-53,-52,-53,-18,-25,-16,-27,-30,-28,0,
0,0,0]} 1. e4 e5 2. Nf3 Nc6 3. Bc4 Nf6 4. d3 Bc5 5. c3 d6 6. O-O O-O 7. Bg5 {
7.Re1 is setting a new trend.} h6 8. Bh4 a5 {C54: Giuoco Piano: 4 c3 Nf6, main
lines with 5 d4 and 5 d3.} 9. Re1 g5 10. Bg3 Ba7 {White has an edge.} 11. Na3
g4 {[#]} 12. Bh4 $146 ({Predecessor:} 12. Nh4 Nh5 13. Nc2 Qg5 14. Ne3 Bxe3 15.
Rxe3 a4 16. Re1 Be6 17. b3 axb3 18. Bxe6 fxe6 19. Qxb3 Nd8 20. d4 Kh7 21. Qc4
Rf7 22. Rf1 b6 {1/2-1/2 (22) Martin Martin,O (2457)-Straka,Z (2543) ICCF email
2018}) 12... Kg7 13. Nd2 Ne7 $1 {[%cal Re7g6] White should prevent ...Ng6.} 14.
Bxf6+ Kxf6 15. d4 Ng6 16. Nf1 Kg7 17. Nc2 Qg5 18. Nce3 h5 19. Ng3 Ne7 20. Qd2 {
Black must now prevent Nef5+!} h4 21. Nef5+ (21. Ngf5+ $11 Nxf5 22. Nxf5+ {
[%mdl 64] Discovered Attack} Kg6 23. Qd3) 21... Kf6 $1 $15 22. dxe5+ dxe5 23.
Qxg5+ Kxg5 24. Nxe7 hxg3 25. hxg3 Be6 {Strongly threatening ...Rh8.} 26. b3 c6
27. Rad1 Rad8 (27... Rae8 $5 28. Nf5 $8 Bxf5 29. exf5 Rd8 $11) 28. Kf1 Bc5 29.
Nf5 $1 {[%mdl 64] [#] Decoy} Bxf5 30. exf5 Kxf5 31. Bd3+ {Weighted Error Value:
White=0.09/Black=0.08} 1/2-1/2

[Event "FIDE Chesscom Grand Swiss 2021"]
[Site "Riga"]
[Date "2021.10.27"]
[Round "1.31"]
[White "Ponkratov, Pavel"]
[Black "Zvjaginsev, Vadim"]
[Result "1-0"]
[WhiteElo "2659"]
[BlackElo "2609"]
[Annotator "TA"]
[PlyCount "75"]
[EventDate "2021.10.27"]
[EventType "swiss"]
[EventCountry "LAT"]
[Tiebreak "Cut1 Buchholz+Sonneborn-Berger (Swiss)"]
[SourceTitle "playchess.com"]
[Source "ChessBase"]
[SourceQuality "1"]

{[%evp 24,75,-13,-24,18,0,0,0,8,-20,-24,-34,0,-50,0,0,0,0,0,0,22,0,0,0,0,-42,
-72,-59,-25,-14,-20,-33,-57,-56,888,873,4798,1083,29984,29983,29983,29984,
29984,29985,29985,29986,29986,29987,29987,29988,29988,29989,29989,29990]} 1. e4
e6 2. d4 d5 3. Nc3 Nf6 4. e5 Nfd7 5. f4 c5 6. Nf3 Nc6 7. Be3 cxd4 8. Nxd4 Bc5
9. Qd2 a6 10. h4 O-O 11. O-O-O Nxd4 12. Bxd4 b5 {[%cal Bb7b5,Bb5b4][%mdl 32]}
13. h5 $1 {[%mdl 4] is recently more successful than 13.Rh3.} Bb7 {C11: French:
Classical System: 4 e5 and 4 Bg5 dxe4.} 14. Rh3 b4 15. Ne2 a5 {[#] The
position is equal.} 16. Qe3 $146 ({Predecessor:} 16. Rg3 Qh4 17. f5 Bxd4 18.
Qxd4 Qxh5 19. f6 g6 20. Re3 Ba6 21. Nf4 Qh6 22. Bxa6 Rxa6 23. Rh3 Qg5 24. Rdh1
h5 25. g4 {1/2-1/2 (25) Motylev,A (2640)-Bartel,M (2634) Moscow 2019}) 16...
Rc8 17. Rg3 Kh8 18. f5 Ba6 (18... exf5 19. h6 $16 (19. e6 Bxd4 20. Qxd4 Nf6 $14
)) 19. Bxc5 Nxc5 20. Nd4 {Bxa6 is the strong threat.} Bxf1 21. Rxf1 $40 {
[%mdl 128] White attacks.} Qh4 22. Rh3 Qg4 23. h6 g6 {[%cal Re6f5]} 24. fxg6
hxg6 25. Rg3 Qe4 26. Qg5 {Threatening mate with Qf6+.} Nd7 27. Rg4 $1 {[%cal
Rg4e4]} Qxe5 28. Qe7 Nc5 {[%mdl 8192] [#] A mistake that costs the game.} (
28... Qe3+ $15 29. Kb1 e5 30. Qxd7 exd4) 29. Nc6 $1 $18 {[%cal Rc6e5][%mdl 512]
} Nd3+ (29... Qe3+ 30. Kd1) 30. Kd2 Qxb2 {[#]} 31. Rd4 $1 {White mates.} Rg8 (
31... Qc3+ 32. Ke2) 32. Qf6+ Kh7 33. Qxf7+ Kh8 34. Qf6+ Kh7 {[#]} 35. Qe7+ $1
Kh8 {[#]} 36. h7 $1 Qc3+ 37. Ke2 Qxc2+ 38. Ke3 {Weighted Error Value: White=0.
09/Black=0.35} 1-0